Last 25 NBA MVP’s - Statistics

General Stats
  • This quiz has been taken 75 times
  • The average score is 23 of 25
Answer Stats
Hint Answer % Correct
Rockets James Harden
98%
Heat LeBron James
98%
Heat LeBron James
98%
Cavs LeBron James
98%
Cavs LeBron James
98%
Nuggets Nikola Jokic
98%
Nuggets Nikola Jokic
98%
Nuggets Nikola Jokic
98%
Thunder Russell Westbrook
98%
Bucks Giannis
97%
Bucks Giannis
97%
76ers Joel embiid
97%
Thunder Kevin Durant
97%
Lakers Kobe Bryant
97%
Spurs Tim duncan
97%
Spurs Tim Duncan
97%
Bulls Derrick rose
95%
Lakers Shaquille O’Neal
95%
Suns Steve Nash
94%
Suns Steve Nash
94%
Timberwolves Kevin Garnett
91%
Mavs Dirk
88%
76ers Allen iverson
86%
Warriors Steph curry
54%
Warriors Steph curry
54%
No matching quizzes found
Score Distribution
Percent of People with Each Score
Percentile by Number Answered
Your Score History
You have not taken this quiz